| 000 | 01056nam a2200241Ia 4500 | ||
|---|---|---|---|
| 003 | Ost | ||
| 005 | 20260507074849.0 | ||
| 008 | 260507s9999||||xx |||||||||||||| ||und|| | ||
| 020 | _a9960240568 | ||
| 040 | _cfsecg | ||
| 041 | _aara | ||
| 082 | _a657.7 | ||
| 100 |
_aهيتجر، ليستراي _eمؤلف |
||
| 245 | 0 |
_aالمحاسبة الإدارية / _c ليستراي هيتجر |
|
| 260 |
_aالرياض: _bدار المريخ للنشر, _c2004 |
||
| 300 |
_a727 صفحة؛ _bإيضاحات ؛ _c24 سم |
||
| 520 | _aيضم أساسيات المحاسبة الادارية، مفاهيم ودورة حساب التكلفة، سلوك التكاليف واتخاذ القرارات، التخطيط والرقابة والتقرير عن المسؤولية، المحاسبة المالية كأساس للمحاسبة الادارية. | ||
| 653 | _aاتخاذ القرارات | ||
| 653 | _aالتخطيط | ||
| 653 | _aالمحاسبة ادارية | ||
| 700 |
_aماتولتش، سيرج _eمؤلف ثانوي |
||
| 942 | _cكتاب | ||
| 999 |
_c41557 _d41557 |
||